| 000 | 00529nam a2200181Ia 4500 | ||
|---|---|---|---|
| 008 | 151018s9999 xx 000 0 und d | ||
| 082 |
_bRBASDV33281 _a891.463 |
||
| 100 | _aवॅलेस आयर्वीग | ||
| 245 | _aद मीरँकल | ||
| 250 | _b1 | ||
| 260 |
_bचीरानी _c2001 |
||
| 300 | _a9 | ||
| 600 | _aवॅलेस आयर्वीग | ||
| 630 | _aद मीरँकल | ||
| 700 | _aवॅलेस आयर्वीग | ||
| 730 | _aद मीरँकल | ||
| 942 | _cBOOK | ||
| 999 |
_c1032796 _d1032793 |
||